000 00426nam a2200193Ia 4500
005 20250425161712.0
008 250425s9999 xx 000 0 und d
020 _a8460066622
041 _aspa
082 _a621.406
100 _aMATAIX, CLAUDIO
245 0 _aTURBOMAQUINAS HIDRAULICAS
250 _aS.E.
260 _aEspaƱa
_bICAI
_c1975
260 _aMADRID
300 _a1362
942 _c01
010 _a26183
999 _c214366
_d214366